| 000 | 00856nam 22002653 4500 | ||
|---|---|---|---|
| 001 | 200278 | ||
| 010 | _a978-989-23-4809-4 | ||
| 021 |
_aPT _b467723/20 |
||
| 090 | _a200278 | ||
| 100 | _a20260130d u||y0pory50 ba | ||
| 101 | _apor | ||
| 102 | _aPT | ||
| 200 |
_aA Árvore dos Rebuçados _fRosário Alçada Araújo _gIlustração de Sandra Serra |
||
| 205 | _a9ª (3ª ed. na Asa) | ||
| 210 |
_aAlfragide _cEdições Asa II _d2025 (reimp.) |
||
| 215 |
_a32, [6] p. : muito il. _cEncadernado _d25 cm |
||
| 225 | _aVira a Página | ||
| 300 | _aLer+ Plano Nacional de Leitura | ||
| 606 |
_922 _aLiteratura Infantil Portuguesa |
||
| 675 |
_a821.134.3-93/ARA/ARV _vPT _zpor |
||
| 700 |
_91061 _aAraújo _bRosário Alçada _f1973- |
||
| 702 |
_9605 _aSerra _bSandra _f1968- |
||
| 801 |
_aPT _bBMMN _gRPC |
||
| 830 |
_cCarlos Pinto _d30-01-2026 _fCarlos Pinto |
||
| 990 | _cLIVROS | ||